Loading...
| History - European History | 3 | 4 | 2 | 3 | 75 | 36 | 88.43 | 4 | 6 |
| History - World History | 4 | 2 | 2 | 0 | 70 | 43 | 62.67 | 4 | 6 |
| Literature - World Literature | 1 | 4 | 1 | 0 | 50 | 52 | 113.80 | 1 | 2 |
| Fine Arts - Visual Fine Arts | 0 | 5 | 0 | 1 | 50 | 101 | 120.00 | 2 | 4 |
| Religion | 0 | 4 | 0 | 0 | 40 | 77 | 112.75 | 0 | 2 |
| History - Ancient History | 1 | 3 | 1 | 1 | 40 | 68 | 98.75 | 1 | 4 |
| History - American History | 0 | 4 | 1 | 1 | 35 | 85 | 97.75 | 2 | 4 |
| Other Academic | 2 | 0 | 0 | 0 | 30 | 23 | 42.00 | 2 | 2 |
| Literature - British Literature | 0 | 3 | 0 | 0 | 30 | 74 | 106.00 | 1 | 2 |
| Mythology | 0 | 3 | 0 | 0 | 30 | 92 | 108.33 | 1 | 3 |
| Philosophy | 0 | 3 | 0 | 1 | 30 | 87 | 128.00 | 0 | 1 |
| Geography | 2 | 1 | 3 | 0 | 25 | 50 | 77.00 | 1 | 3 |
| Literature - American Literature | 0 | 2 | 0 | 1 | 20 | 109 | 123.00 | 0 | 2 |
| Fine Arts - Auditory Fine Arts | 0 | 2 | 0 | 0 | 20 | 129 | 146.50 | 1 | 2 |
| Current Events | 1 | 0 | 0 | 0 | 15 | 12 | 12.00 | 1 | 1 |
| Literature - European Literature | 0 | 1 | 0 | 0 | 10 | 128 | 128.00 | 0 | 1 |
| Social Science | 0 | 1 | 0 | 0 | 10 | 82 | 82.00 | 0 | 0 |
| Science - Other Science | 0 | 0 | 1 | 0 | -5 | 0.00 | 0 | 0 |